| 000 | 00645nam a22001937a 4500 | ||
|---|---|---|---|
| 003 | OSt | ||
| 005 | 20260424003640.0 | ||
| 008 | 260424b |||||||| |||| 00| 0 eng d | ||
| 020 | _a9786210001471 | ||
| 040 |
_aDWCL Main Lib. _cOC |
||
| 082 | _aFil. 500 V432s 2015 | ||
| 100 |
_aVela-Evangelista, Eden _eAuthor |
||
| 245 |
_aScience in today's world : _bthe new grade 10 / _cEden Vela-Evangelista |
||
| 260 |
_aQuezon City, Philippines : _bSibs Publishing, _cc2015. |
||
| 300 |
_axiv , 338 pages : _billustrations ; _c28cm. |
||
| 504 | _aIncludes bibliographical references and glossary. | ||
| 650 | _a1. Science. | ||
| 942 |
_2ddc _cBK - FIL _n0 |
||
| 999 |
_c9815 _d9815 |
||